| 000 | 00399nam a2200145 a 4500 | ||
|---|---|---|---|
| 001 | 000039308 | ||
| 005 | 20201002031605.0 | ||
| 008 | 130621s2001 dr 000 0 spa d | ||
| 040 |
_aDO-SdBNP _bspa _cBNPHU |
||
| 100 | 1 |
_aSantana, Frantoni _946222 |
|
| 245 | 1 | 0 |
_aPrimero el autor / _cFrantoni Santana. |
| 250 | _a2a. ed. | ||
| 260 |
_aSanto Domingo : _bImpremesa, _c2001. |
||
| 300 |
_a381 p. ; _c22 cm. |
||
| 999 |
_c38798 _d38798 |
||